000
00301nam a22001337a 4500
008
171018b xxu||||| |||| 00| 0 eng d
020
_a
9781405119993
041
_a
eng
080
_a
338
100
_a
53
101
_a
MNG
245
_a
CONTEMPORARY STRATEGY ANALYSIS
_c
GRANT, R.M
942
_2
udc
_c
BK
999
_c
34551
_d
34551